000 00737nam a2200241Ia 4500
003 OSt
005 20220928133040.0
006 a|||||r|||| 00| 0
007 ta
008 220927b |||||||| |||| 00| 0 eng d
024 _a94999
037 _cTextual
040 _aSDCL
_cSDCL
_beng
041 _2eng
_aeng
082 _aO156,3M87w,1, K1.2
100 _aMunshi Kanhaiyalal Maniklal
_9397229
245 0 _aSidhi chadhaan
_b Kanhaiyalal Maniklal Munshi ki atmakatha.
260 _aDelhi
_bRaj Kamal Prakashan
_c1961
490 _vV2:331p.
700 _a Veerdev Manjula Tr.
_9484132
942 _hO156,3M87w,1, K1.2
_cTEXL
_2CC
999 _c797495
_d797495